[Event "American World Cup Q Prelim"]
[Site "Tornelo INT"]
[Date "2021.05.09"]
[Round "6"]
[White "Perez Rodriguez, Luis Manuel"]
[Black "Soares, Andre"]
[Result "1-0"]
[WhiteElo "2324"]
[BlackElo "1736"]
[PlyCount "61"]
[EventDate "2021.05.08"]
[EventType "swiss (rapid)"]
[EventRounds "9"]
[EventCountry "USA"]
[SourceTitle "CBM 202 Extra"]
[Source "ChessBase"]
[SourceDate "2021.07.31"]
[SourceVersion "1"]
[SourceVersionDate "2021.07.31"]
[SourceQuality "1"]

1. e4 d6 2. d4 Nf6 3. Nc3 Nbd7 4. f4 e5 5. Nf3 exd4 6. Qxd4 c6 7. Be3 Ng4 8. Bg1 Qb6 9. Qxb6 axb6 10. Bc4 Be7 11. h3 Ngf6 12. e5 dxe5 13. fxe5 Nh5 14. Bh2 g6 15. 0-0-0 b5 16. Bb3 Nc5 17. g4 Nxb3+ 18. axb3 Ng7 19. Ne4 0-0 20. Kb1 h5 21. Nf6+ Kh8 22. Bf4 Bxf6 23. exf6 Ne6 24. Bd6 Rd8 25. Ne5 Kg8 26. gxh5 Rxd6 27. Rxd6 gxh5 28. Rg1+ Kf8 29. Rd3 h4 30. Rg4 Nc5 31. Rd8# 1-0

[Event "Kingston Gayle Memorial cand"]
[Site "Kingston"]
[Date "2018.02.11"]
[Round "6"]
[White "Diedrick, Michael"]
[Black "Soares, Andre"]
[Result "1-0"]
[WhiteElo "1868"]
[BlackElo "1845"]
[PlyCount "35"]
[EventDate "2018.02.02"]
[EventType "tourn"]
[EventRounds "6"]
[EventCountry "JAM"]
[SourceTitle "CBM 183 Extra"]
[Source "ChessBase"]
[SourceDate "2018.04.19"]
[SourceVersion "1"]
[SourceVersionDate "2018.04.19"]
[SourceQuality "1"]

1. e4 c5 2. Nf3 Nc6 3. d4 cxd4 4. Nxd4 g6 5. Nc3 Bg7 6. Be3 Nf6 7. Be2 0-0 8. 0-0 d6 9. h3 Nxd4 10. Bxd4 Be6 11. Qd2 Qa5 12. Rad1 Rfc8 13. Bxf6 exf6 14. Qxd6 f5 15. exf5 Bxf5 16. Bf3 Be5 17. Qe7 Rab8 18. Rd5 1-0

[Event "JAM-ch"]
[Site "Kingston"]
[Date "2013.05.12"]
[Round "9"]
[White "Lorne, Ras Malaku"]
[Black "Soares, Andre"]
[Result "0-1"]
[WhiteElo "2091"]
[BlackElo "1878"]
[PlyCount "50"]
[EventDate "2013.04.26"]
[EventType "tourn"]
[EventRounds "9"]
[EventCountry "JAM"]
[SourceTitle "CBM 154 Extra"]
[Source "ChessBase"]
[SourceDate "2013.06.25"]
[SourceVersion "2"]
[SourceVersionDate "2013.06.25"]
[SourceQuality "1"]

1. Nf3 g6 2. c4 c5 3. Nc3 Bg7 4. e3 Nf6 5. d4 cxd4 6. exd4 d5 7. c5 Nc6 8. Bb5 Bg4 9. 0-0 0-0 10. Bxc6 bxc6 11. h3 Bxf3 12. Qxf3 Nd7 13. Qd3 e5 14. Be3 exd4 15. Bxd4 Ne5 16. Bxe5 Bxe5 17. f4 Bg7 18. Rab1 a5 19. Na4 Re8 20. f5 Qh4 21. b3 Bd4+ 22. Kh1 Re3 23. Qd2 Rae8 24. Rbd1 R8e4 25. f6 Be5 0-1